Elementary sociology. (Record no. 3129)

000 -LEADER
fixed length control field 00713cam a2200253 4500
001 - CONTROL NUMBER
control field 4545956
003 - CONTROL NUMBER IDENTIFIER
control field OSt
005 - DATE AND TIME OF LATEST TRANSACTION
control field 20170105101209.0
008 - FIXED-LENGTH DATA ELEMENTS--GENERAL INFORMATION
fixed length control field 710427s1971 njua b 000 0 eng
010 ## - LIBRARY OF CONGRESS CONTROL NUMBER
LC control number 70143582
020 ## - INTERNATIONAL STANDARD BOOK NUMBER
International Standard Book Number 013260034X
040 ## - CATALOGING SOURCE
Original cataloging agency DLC
Transcribing agency DLC
Modifying agency DLC
050 00 - LIBRARY OF CONGRESS CALL NUMBER
Classification number HM51
Item number .C288
082 00 - DEWEY DECIMAL CLASSIFICATION NUMBER
Classification number 301
100 1# - MAIN ENTRY--PERSONAL NAME
Personal name Caplow, Theodore.
245 10 - TITLE STATEMENT
Title Elementary sociology.
260 ## - PUBLICATION, DISTRIBUTION, ETC.
Place of publication, distribution, etc. Englewood Cliffs, N.J.,
Name of publisher, distributor, etc. Prentice-Hall
Date of publication, distribution, etc. [1971]
300 ## - PHYSICAL DESCRIPTION
Extent 503 p.
Other physical details illus.
Dimensions 24 cm.
500 ## - GENERAL NOTE
General note Second ed. published in 1975 under title: Sociology.
504 ## - BIBLIOGRAPHY, ETC. NOTE
Bibliography, etc. note Includes bibliographical references.
650 #0 - SUBJECT ADDED ENTRY--TOPICAL TERM
Topical term or geographic name entry element Sociology.
906 ## - LOCAL DATA ELEMENT F, LDF (RLIN)
a 7
b cbc
c orignew
d 2
e ncip
f 19
g y-gencatlg
942 ## - ADDED ENTRY ELEMENTS (KOHA)
Source of classification or shelving scheme
Koha item type Book
Holdings
Withdrawn status Lost status Source of classification or shelving scheme Damaged status Not for loan Collection code Permanent Location Current Location Shelving location Date acquired Total Checkouts Full call number Barcode Date last seen Price effective from Koha item type
            Central Library (CL) Central Library (CL) General Stacks 05/16/2016   301 CAP S3H-N-378 05/16/2016 05/16/2016 Book
            Central Library (CL) Central Library (CL) General Stacks 05/16/2016   301 CAP S3H-N-379 05/16/2016 05/16/2016 Book
© 2023 Central Library, National University of Sciences and Technology. All Rights Reserved.